=LDR 00000nam 2200000 4500 =001 INLIS000000000040610 =005 20130612150155 =008 ***********************************Ind** =035 ##$$0010-061300000040610 =041 ##$$a Ind =082 ##$$a 641.5 =090 ##$$a 641.5, Nur s =100 ##$$a Nursaadah =245 ##$$a Sambal pelengkap lauk pavorit/ Nursaadah; Editor, Yustina Koen S =260 ##$$a 2007 $b Jakarta =300 ##$$a 40 hlm., ilus., 21 cm =650 ##$$a Masakan - Sambal =700 ##$$a Kun S, Yustina =850 ##$$a NBPNMAT